书目信息 |
| 题名: |
走进大师
|
|
| 作者: | 刘剑虹 著 | |
| 分册: | ||
| 出版信息: | 北京 中国人民大学出版社 2004 |
|
| 页数: | 483页 | |
| 开本: | 23cm | |
| 丛书名: | 朗朗书房 | |
| 单 册: | ||
| 中图分类: | K815.72 | |
| 科图分类: | ||
| 主题词: | 画家--生平事迹--世界 , 绘画--美术批评--世界 , 传记 | |
| 电子资源: | ||
| ISBN: | 7-300-05386-6 | |
| 000 | 01451nam0 2200385 450 | |
| 000 | 01414nam0 2200373 450 | |
| 000 | 01417nam0 2200385 450 | |
| 000 | 01363nam0 2200361 450 | |
| 000 | 01381nam0 2200349 450 | |
| 000 | 01344nam0 2200337 45 | |
| 001 | TS2006028187 | |
| 005 | 20061210143813.26 | |
| 010 | @a7-300-05386-6@dCNY68.00 | |
| 100 | @a20060829d2004 em y0chiy0110 ea | |
| 101 | 0 | @achi |
| 102 | @aCN@b110000 | |
| 105 | @aa z 000yy | |
| 200 | 1 | @a走进大师@AZou Jin Da Shi@e从达·芬奇到杜尚@ECong Da· Fen Qi Dao Du Shang@f刘剑虹著@FLiu Jian Hong Zhu |
| 210 | @a北京@c中国人民大学出版社@d2004 | |
| 215 | @a483页@c彩图,照片@d23cm | |
| 225 | 2 | @a朗朗书房@i西方艺术史论名著 |
| 308 | @a丛书第三辑 | |
| 330 | @a本书试图通过对杰出的西方艺术大师们的人生经历与作品的解读,一步步逼近他们的人性和艺术活动的真相——一个人一生所遭遇的一切在他灵魂深处的投射必将显现在他们一生的劳作之中。 | |
| 410 | 0 | @12001 @a朗朗书房@i西方艺术史论名著 |
| 510 | 1 | @aStep into Maestro@eFrom Da Vinci to Duchamp@zeng |
| 517 | 1 | @a从达·芬奇到杜尚@ACong Da· Fen Qi Dao Du Shang |
| 606 | 0 | @a画家@x生平事迹@y世界 |
| 606 | 0 | @a绘画@x美术批评@y世界 |
| 606 | 0 | @a传记 |
| 690 | @aK815.72@v3 | |
| 701 | 0 | @a刘剑虹@ALiu Jian Hong@f(1963~)@4著 |
| 801 | 0 | @aCN@b中图数据@c20061210 |
| 905 | @a10447@dK815.72@e96 | |
| 走进大师:从达·芬奇到杜尚/刘剑虹著.-北京:中国人民大学出版社,2004 |
| 483页:彩图,照片;23cm.-(朗朗书房.西方艺术史论名著) |
| ISBN 7-300-05386-6:CNY68.00 |
| 本书试图通过对杰出的西方艺术大师们的人生经历与作品的解读,一步步逼近他们的人性和艺术活动的真相——一个人一生所遭遇的一切在他灵魂深处的投射必将显现在他们一生的劳作之中。 |
| ● |
| 相关链接 |
|
|
|
|
正题名:走进大师
索取号:K815.72/96
 
预约/预借
| 序号 | 登录号 | 条形码 | 馆藏地/架位号 | 状态 | 备注 |
| 1 | 0606263 | 206062632 | 第二样本阅览室/ [索取号:K815.72/96] | 在馆 | |
| 2 | 0606264 | 206062641 | 第二借阅区/ [索取号:K815.72/96] | 在馆 | |
| 3 | 0606265 | 206062650 | 第二借阅区/ [索取号:K815.72/96] | 在馆 | |
| 4 | 0606266 | 206062669 | 第二借阅区/ [索取号:K815.72/96] | 在馆 | |
| 5 | 0606267 | 206062678 | 第二借阅区/ [索取号:K815.72/96] | 在馆 |